| 000 | 00912cam a2200301Ma 4500 | ||
|---|---|---|---|
| 008 | |||
| 020 | _a9781412920537 (paperback) | ||
| 040 |
_aNUST _cNUST |
||
| 049 | _aMAIN | ||
| 090 |
_aP94.6 _bHOD |
||
| 100 | 1 |
_aHodkinson, Paul., _aauthor. |
|
| 245 | 1 | 0 |
_aMedia, culture and society : _ban introduction / _cPaul Hodkinson. |
| 250 | _aSecond edition. | ||
| 260 |
_aLondon : _bSAGE, _c2017. |
||
| 300 |
_ax, 326 pages : _billustrations ; _c25 cm. |
||
| 336 |
_atext _btxt _2rdacontent |
||
| 337 |
_aunmediated _bn _2rdamedia |
||
| 338 |
_avolume _bnc _2rdacarrier |
||
| 500 | _aIncludes index. | ||
| 504 | _aIncludes bibliographical references. | ||
| 650 | 0 |
_aMass media _xSocial aspects. |
|
| 650 | 0 | _aMass media. | |
| 650 | 0 | _aPopular culture. | |
| 907 |
_a.b10332467 _b22-02-22 _c06-06-13 |
||
| 003 | |||
| 005 | 20230123122231.0 | ||
| 942 |
_cBOOKS _kP94.6 _mHOD |
||
| 999 |
_c130105 _d130105 |
||